000 00302nam a22001457a 4500
003 SGT
082 _a616.07
_bA14D
100 _aDAMJANOV, IVAN
245 _aANDERSON'S PATHOLOGY
250 _a10TH
260 _aINDIA
_bELSEVIER
_c2014
300 _a1559
650 _aPATHOLOGY
942 _2ddc
_cBK
999 _c13764
_d13764